| 000 | 00769nam a2200265 i 4500 | ||
|---|---|---|---|
| 001 | 7817 | ||
| 003 | ES-MaACL | ||
| 005 | 20250626202720.0 | ||
| 007 | t| | ||
| 008 | 910512s1989 sp ||||1| spa d | ||
| 020 | _a84-309-1231-2 | ||
| 080 | _a301(09) | ||
| 100 | 1 |
_aLucas Marín, Antonio. _974545 |
|
| 245 | 1 | 0 |
_aFundamentos de teoria sociologica / _cAntonio Lucas Marin. |
| 250 | _a1a ed., 1a reimp. | ||
| 260 |
_aMadrid : _bTecnos, _c1989. |
||
| 300 |
_a208 p. ; _c23 cm. |
||
| 490 | 1 | _aSemilla y surco | |
| 500 | _aIndice de materias. | ||
| 504 | _aBibliogr.: p. 200-205. | ||
| 650 | 4 |
_aSociología- _vHistoria. _917200 |
|
| 830 | 0 |
_aSemilla y surco _9177965 |
|
| 852 |
_aES-MaACL _jL-15092 _bR.119136 _z. - rust. |
||
| 999 |
_c7817 _d7817 |
||